LEADER 01178nam--2200409---450- 001 990000948000203316 005 20050520144645.0 010 $a88-10-40734-2 035 $a0094800 035 $aUSA010094800 035 $a(ALEPH)000094800USA01 035 $a0094800 100 $a20020206d1998----km-y0itay0103----ba 101 $aita 102 $aIT 105 $a||||||||001yy 200 1 $a<> voce di Dio$eper capire i profeti$fAmbrogio Spreafico 210 $aBologna$cDehoniane$d1998 215 $a296 p.$d22 cm 225 2 $aStudi biblici$v33 410 $12001$aStudi biblici$v33 461 1$1001-------$12001 606 0 $aBibbia$xProfeti 676 $a220.15 700 1$aSPREAFICO,$bAmbrogio$0552422 801 0$aIT$bsalbc$gISBD 912 $a990000948000203316 951 $aII.2. Coll.48/3(XIV COLL 174/33)$b143221 LM$cXIV COLL 959 $aBK 969 $aUMA 979 $aPATTY$b90$c20020206$lUSA01$h1051 979 $c20020403$lUSA01$h1737 979 $aPATRY$b90$c20040406$lUSA01$h1705 979 $aCOPAT6$b90$c20050520$lUSA01$h1310 979 $aCOPAT6$b90$c20050520$lUSA01$h1446 996 $aVoce di Dio$9973943 997 $aUNISA LEADER 01040nam0-22003611i-450 001 990001638160403321 005 20201008141655.0 035 $a000163816 035 $aFED01000163816 035 $a(Aleph)000163816FED01 035 $a000163816 100 $a20030910d1982----km-y0itay50------ba 101 0 $aita 102 $aIT 105 $aa 001yy 200 1 $aCalanoidi$eCrustacea, Copepoda, Calanoida$fEmilia Stella 210 $aRoma$cCNR$d1982 215 $a67 p.$ciil.$d21 cm 225 1 $aGuide per il riconoscimento delle specie animali delle acque interne italiane$v14 225 1 $aProgetto finalizzato Promozione della qualità dell'ambiente$vAQ/1/140 610 0 $aCrustacea 610 0 $aCopepoda 676 $a595.3 676 $a595.34 676 $a593$v23$zita 700 1$aStella,$bEmilia$070208 801 0$aIT$bUNINA$gRICA$2UNIMARC 901 $aBK 912 $a990001638160403321 952 $a60 593 CNR-14 1982$b48698$fFAGBC 959 $aFAGBC 996 $aCalanoidi$9405551 997 $aUNINA